| 000 | 00543nam a2200205Ia 4500 | ||
|---|---|---|---|
| 005 | 20260429112101.0 | ||
| 008 | 260429s9999||||xx |||||||||||||| ||und|| | ||
| 020 | _a9789363868397 | ||
| 041 | _aEnglish | ||
| 082 |
_a519.5 _bSCH |
||
| 100 | _aSchmuller, Joseph | ||
| 245 | 0 |
_aStatistical analysis with R essentials for dummies / _cJoseph Schmuller |
|
| 250 | _a1st ed. | ||
| 260 |
_aNew Delhi : _bWiley, _c2025. |
||
| 300 | _aix, 180 p.; pbk | ||
| 650 | _a computer programming | ||
| 650 | _a Statistics | ||
| 650 | _aR | ||
| 942 | _cTB | ||
| 999 |
_c52268 _d52268 |
||